The Four Pillars of Education/ (Record no. 202800)

MARC details
000 -LEADER
fixed length control field 00567nam a22001817a 4500
005 - DATE AND TIME OF LATEST TRANSACTION
control field 20240513150132.0
010 ## - LCCN (DPL NO)
LC control number ENG-140331
020 ## - INTERNATIONAL STANDARD BOOK NUMBER
Terms of availability 170.00
International Standard Book Number 9788119664566
035 ## - SYSTEM CONTROL NUMBER
System control number EN-123863
037 ## - SOURCE OF ACQUISITION
Source of stock number/acquisition DBAD
082 ## - DEWEY DECIMAL CLASSIFICATION NUMBER
Classification number 370
245 ## - TITLE STATEMENT
Title The Four Pillars of Education/
Statement of responsibility, etc By Mary Vishala 'SND'
260 ## - PUBLICATION, DISTRIBUTION, ETC. (IMPRINT)
Place of publication, distribution, etc Bangalore
Name of publisher, distributor, etc ATC Publishers
Date of publication, distribution, etc 2024
270 ## - ADDRESS
Address St Mary's Block, Archdiocesan Pastoral Center No 5, Nandidurga Road, Benson Town
City Bengaluru
300 ## - PHYSICAL DESCRIPTION
Extent 59p.
Dimensions 21cm(pb)
700 ## - ADDED ENTRY--PERSONAL NAME
Personal name Vishala, Mary
9 (RLIN) 66060
942 ## - ADDED ENTRY ELEMENTS (KOHA)
Source of classification or shelving scheme Dewey Decimal Classification
Item type English Books
Classification part 370
Call number suffix VIS
Holdings
Withdrawn status Lost status Not for loan Collection code Home library Current library Date acquired Source of acquisition Cost, normal purchase price Full call number Barcode Copy number Cost, replacement price Koha item type
      Non-fiction Ashok Vihar Ashok Vihar 10/05/2024 DBAD 170.00 370 VIS EN-123863 1 170.00 English Books

© Delhi Public Library
Hit Counter
free hit counter